| 000 | 00847cam a22002655a 4500 | ||
|---|---|---|---|
| 001 | 015830002 | ||
| 003 | OSt | ||
| 005 | 20180507151311.0 | ||
| 008 | 110614r20132010enka frb f001 0 eng d | ||
| 020 | _a9780199693771 | ||
| 040 |
_aStDuBDS _beng _cStDuBDS _dUk _dEG-ScBUE |
||
| 082 | 0 | 4 |
_222 _a330.9 _bOXF |
| 245 | 0 | 4 |
_aThe Oxford handbook of comparative institutional analysis / _cedited by Glenn Morgan ... [et al.] |
| 246 | 3 | 0 | _aComparative institutional analysis |
| 250 | _aReprint ed. | ||
| 260 |
_aOxford : _bOxford University Press, _c2013. |
||
| 300 |
_axvi, 707 p. : _bill. ; _c25 cm. |
||
| 500 | _aReprinted of 2010 ed. | ||
| 504 | _aIncludes bibliographical references and index. | ||
| 650 | 7 |
_aInstitutional economics. _2BUEsh |
|
| 651 | _2BUEsh | ||
| 653 |
_bBUSADM _cMay2018 |
||
| 700 | 1 |
_aMorgan, Glenn, _eeditor. |
|
| 942 | _2ddc | ||
| 999 |
_c26650 _d26622 |
||